De latinoamericanos a latinos: la televisión en español y sus audiencias en los Estados /
Gardado en:
| Autor Principal: | |
|---|---|
| Formato: | Texto |
| Materias: | |
| Etiquetas: |
Engadir etiqueta
Sen Etiquetas, Sexa o primeiro en etiquetar este rexistro!
|
MARC
| LEADER | 00000 a a2200000 04500 | ||
|---|---|---|---|
| 001 | 44028 | ||
| 003 | |||
| 040 | |||
| 100 | |a uSinclair, John | ||
| 245 | |a De latinoamericanos a latinos: |b la televisión en español y sus audiencias en los Estados / |c John Sinclair | ||
| 650 | |a MEDIOS DE COMUNICACION DE MASAS | ||
| 650 | |a LATINOAMERICANOS | ||
| 650 | |a ESTADOS UNIDOS | ||
| 650 | |a IDENTIDAD CULTURAL | ||
| 773 | |g número41 ( , 2006), página 41-49 | ||
| 999 | |c 31848 |d 31848 | ||
